Das staatliche Regionalarchiv Třeboň (Wittingau)

Titel: Das staatliche Regionalarchiv Třeboň (Wittingau) : Seine Fonds und Sammlungen
Verfasser:
In: Archivalische Zeitschrift, Band 84 (2001), Seite 155-173
alle Artikel anzeigen
Veröffentlicht: 2001
Format: Aufsatz
Sprache: Deutsch
Kein Bild verfügbar
X
alg: 39156564
001A    $01999:11-11-16 
001B    $01999:29-03-21 $t21:45:19.000 
001C    $06050:19-11-16 $t08:46:13.000 
001D    $01999:11-11-16 
001U    $0utf8 
001X    $00 
002@    $0Aox 
003@    $0391565648 
007A    $0391565648 $aHEB 
007T    $0Herd45937 
007T    $0ArchMa04691 
010@    $ager 
011@    $a2001 
021A    $aDas @staatliche Regionalarchiv Třeboň (Wittingau) $dSeine Fonds und Sammlungen 
028A    $aRameš $dVáclav 
031A    $d84 $h155-173 $j2001 
037A    $aEnthält das Archiv der Familien Rosenberg und Schwarzenberg 
037A    $aengl. Res. 485-486: The Regional State Archives of Třeboň in the Czech Republic, its Fonds and Collections; franz. Res. 493-494 
039B    $aIn $8--Abvc--. Archivalische Zeitschrift. - Köln : Böhlau, 1876-. - ISSN 0003-9497 $x200100000840000845 $9047256281 
045F    $a907.2094371 $eDDC23BSB 
045F/01 $a907.2 
045F/03 $g4371 
045T    $a8 

lok: 39156564 78

exp: 39156564 78 1 #EPN
201B/01 $021-02-19 $t22:41:57.000 
201U/01 $0utf8 
203@/01 $0787659878 
208@/01 $a11-11-16 $be 
209A/01 $a/ $f000 $x00 
220C/01 $aTitelaufnehmer: nk;ek 
244Z/01 $#Tschechien $#Tschechische Republik $#Tschechische Republik $#Tschechenland $#Tschechei Tschechien $#Česká Republika $#Czech Republic $#ČR $74303381-7 $8--Tg1--Tschechien $x01 $9086659812 
244Z/01 $2Trx $#Böhmen $#Bohemia $#Czechy $8--Trx--Čechy $x02 $9391188941 
244Z/01 $2Trx $#Wittingau Neuhaus in B. $8--Trx--Třeboň$gJindřichův Hradec $x03 $9391275917 
244Z/01 $aGeschichte 1350- $x04 
244Z/01 $#Rožmberka  $#Rožmberkové  $#Rožmberk  $7118973339 $8--Tp1--$PRosenberg$cvon$lFamilie : 1200-1611 : Böhmen $x05 $9087313642 
244Z/01 $#Schwartzenberg  $#Schwarzenberg  $#Schwartzenberg  $#Schwarzenbergové  $#Švarcenberkové  $7118612069 $8--Tp1--$PSchwarzenberg$lFamilie $x06 $9086953028 
244Z/01 $2Trx $#arhiivid riigi- $#valstybiniai archyvai $#Archives state $#levéltárak állami- $#archiwa państwowe $#archívy štátne $#archivy státní $#Staatsarchive $#Landesarchive $#public records office $8--Trx--Archive$gStaats- $x07 $9391371029 
244Z/01 $2Trx $8--Trx--Zeitschriftenaufsatz $x08 $9391384341 
245Z/01 $a13.02 $x01 
245Z/01 $a04.02 $x02 
247C/01 $82080>Marburg/Lahn, Herder-Institut, Forschungsbibliothek, Bibliographieportal $9336309341 

lok: 39156564 105

exp: 39156564 105 1 #EPN
201B/01 $030-01-19 $t13:05:41.000 
201C/01 $030-01-19 
201U/01 $0utf8 
203@/01 $01042240213 
208@/01 $a13-12-18 $be 
209A/01 $a/ $f106 $x00 
244Z/01 $aTrebon $x01 
244Z/01 $aWittingau $x02 
245Z/01 $a4.16.02. $bArchivwesen Europas / Tschechien / Archive und Archivbestände $x01 
247C/01 $8->Marburg, Bibliographie zum Archivwesen der Archivschule Marburg $939588196X
LEADER 00000caa a22000002c 4500
001 391565648
003 DE-603
005 20210329214519.0
007 tu
008 161111s2001 xx |||| | u00||u|ger c
035 |a (DE-599)HEB391565648 
040 |a DE-603  |b ger  |c DE-603  |d DE-603 
041 |a ger 
082 0 4 |8 1\u  |a 907.2094371  |q DE-101  |2 23/BSB 
084 |a 8  |2 ssgn 
085 |8 1\u  |b 907.2 
085 |8 1\u  |z 2  |s 4371 
100 1 |a Rameš, Václav 
245 0 0 |a ˜Dasœ staatliche Regionalarchiv Třeboň (Wittingau)  |b Seine Fonds und Sammlungen 
264 0 |c 2001 
500 |a Enthält das Archiv der Familien Rosenberg und Schwarzenberg 
500 |a engl. Res. 485-486: The Regional State Archives of Třeboň in the Czech Republic, its Fonds and Collections; franz. Res. 493-494 
773 0 8 |i In  |t Archivalische Zeitschrift  |d Köln : Böhlau, 1876-  |x 0003-9497  |g Band 84 (2001), Seite 155-173  |w (DE-603)047256281  |w (DE-600)201051-3 
924 0 |9 2080  |a (DE-603)787659878  |b DE-2080  |c HES  |d d  |g / 
924 0 |9 -  |a (DE-603)1042240213  |b DE-  |c HES  |d d  |g /